| 000 | 00865nam a22002417a 4500 | ||
|---|---|---|---|
| 005 | 2012060409359.0 | ||
| 008 | 120604s2010 iy||||| |||| 00| 0 eng d | ||
| 020 | _a9786039018827 | ||
| 082 |
_222 _a362.1028903 _bKHO |
||
| 100 |
_929991 _aKhoja, Tawfik A. M. |
||
| 245 |
_aGlossary of Patient Safety / _bTawfik Khoja. |
||
| 250 | _a4 th. ed. | ||
| 260 |
_aRiyadh : _bHeakth Ministers Council, _c2010. |
||
| 300 |
_a350 p. : _bill. ; _c24 cm. |
||
| 504 | _aIncludes bibliographical references (p. 317-350) | ||
| 541 | _aDonation from Dr. Shahraze | ||
| 650 |
_929992 _aHealth Services. |
||
| 650 |
_929993 _aMedical care |
||
| 650 |
_929994 _aPatient _xSafety measures |
||
| 653 |
_bNUR _cJune2012 |
||
| 942 |
_2ddc _cNRB |
||
| 999 |
_c16745 _d16745 |
||